header

Resistance in the age of austerity (Record no. 12959)

MARC details
000 -LEADER
fixed length control field 01169nam a2200301Ia 4500
082 04 - DEWEY DECIMAL CLASSIFICATION NUMBER
Classification number 330.12/2
100 1# - MAIN ENTRY--AUTHOR NAME
Personal name Worth, Owen,
245 10 - TITLE STATEMENT
Title Resistance in the age of austerity
260 ## - PUBLICATION, DISTRIBUTION, ETC. (IMPRINT)
Place of publication London ;
-- New York :
Name of publisher Zed Books,
Year of publication 2013.
300 ## - PHYSICAL DESCRIPTION
Number of Pages 170 p.
650 #0 - SUBJECT ADDED ENTRY--TOPICAL TERM
Topical Term Neoliberalism.
Topical Term Nationalism.
856 40 - ELECTRONIC LOCATION AND ACCESS
Uniform Resource Identifier http://site.ebrary.com/lib/rucke/Doc?id=10685290

No items available.

© 2026 Rongo University
Contact us: librarian | system librarian | Rongo university